Tomografické zobrazení myokardiální perfuze u pacientů bez infarktu myokardu - srovnání 201Tl s 99mTc-tetrofosminem a dual-izotopovým protokolem (klid 201Tl/zátěž 99mTc-tetrofosmin)

Bibliographic Details
Main Authors: Kamínek, Milan (Author), Mysliveček, M. (Author), Škvařilová, M. (Author), Hušák, Václav, 1938-2014 (Author), Lang, O. (Author)
Format: Article
Language:Slovak
Czech
PhysicalDescription:Obr., tab.
ISSN:0042-773X
Subjects:

MARC

LEADER 00000nab a2200000 a 4500
001 vtls000721337
003 SK-MaSNL
005 20260304215127.0
008 250429c1999 xo 0 slo
015 |a SNBRB2000/05-12652 
035 |a CLN000073504 
035 |a urn:nbn:sk:snk-abahoz 
035 |a (urnnbn)urn:nbn:sk:snk:ar-a09zyh 
035 |a (uuid)55ce7040-5577-477c-bc66-4f94f62f4496 
040 |a SNKBUCL  |b slo  |c SNKBUCL  |e AACR2 
041 0 |a cze 
044 |a xo  |c SK 
080 |a 616.127-073.756.8  |2 1997 
245 0 0 |a Tomografické zobrazení myokardiální perfuze u pacientů bez infarktu myokardu - srovnání 201Tl s 99mTc-tetrofosminem a dual-izotopovým protokolem (klid 201Tl/zátěž 99mTc-tetrofosmin)  |c M. Kamínek ... [et al.] 
300 |b Obr., tab. 
504 |a Res. angl., čes. 
504 |a Bibliogr. odkazy 
650 0 7 |a myokard  |2 SNKPH  |9 14737 
650 0 7 |a perfúzia  |2 SNKPH  |9 19520 
655 7 |a články z novín a časopisov  |2 SNK  |9 267496 
700 1 |a Kamínek, Milan  |4 aut  |9 536484 
700 1 |a Mysliveček, M.  |4 aut  |9 991121 
700 1 |a Škvařilová, M.  |4 aut  |9 1133806 
700 1 |a Hušák, Václav,  |d 1938-2014  |4 aut  |9 220355 
700 1 |a Lang, O.  |4 aut  |9 1133992 
773 0 |t Vnitřní lékařství  |g Roč. 45, č. 2 (1999), s. 81-84  |x 0042-773X 
850 |a Slovenská národná knižnica 
852 |a Slovenská národná knižnica 
954 |a odborná, vedecká literatúra cudzojazyčná (svetová)  |2 lita 
958 |a article14 
958 |a OND 
958 |a NB 
958 |a MI 
958 |a EUIPO 
999 |c 3144912  |d 3146842